000 00356 a2200157 4500
001 50113
040 _cAnchieta - Bela Vista
100 _aAnchietinha Itaigara
240 1 0 _aContos de mistério
_lpor
245 1 0 _aContos de mistério
300 _a41
362 0 _a2008
440 1 _aAnchietinha Itaigara
650 4 _aLiteratura juvenil
942 _cBK
999 _c50113
_d50113